[Event "2BLO 1920 SF Bad Mergentheim - FC Bayer"]
[Site "?"]
[Date "2020.02.08"]
[Round "7.4"]
[White "Lalic, Bogdan"]
[Black "Webersberger, Johann"]
[Result "1/2-1/2"]
[WhiteElo "2400"]
[BlackElo "2360"]
[PlyCount "48"]
[EventDate "2020.??.??"]

1. d4 Nf6 2. c4 e6 3. Nf3 b6 4. g3 Ba6 5. Qb3 Bb7 6. Bg2 c5 7. O-O cxd4 8. Nxd4
Bxg2 9. Kxg2 Nc6 10. Nxc6 dxc6 11. Rd1 Qc8 12. Bf4 Be7 13. Qf3 O-O 14. Nc3 Qb7
15. Bd6 Rac8 16. Nb5 Ne8 17. Rd3 a6 18. Bxe7 Qxe7 19. Nc3 b5 20. Rad1 Nf6 21.
Ne4 bxc4 22. Nxf6+ Qxf6 23. Qxf6 gxf6 24. Rd4 Rb8 1/2-1/2

[Event "2BLO 1920 SF Bad Mergentheim - FC Bayer"]
[Site "?"]
[Date "2020.02.08"]
[Round "7.5"]
[White "Reich, Thomas"]
[Black "Gasthofer, Alexander"]
[Result "1/2-1/2"]
[WhiteElo "2378"]
[BlackElo "2422"]
[PlyCount "28"]
[EventDate "2020.??.??"]

1. d4 d5 2. c4 c6 3. Nf3 Nf6 4. e3 g6 5. Nc3 Bg7 6. h3 O-O 7. Bd3 c5 8. O-O Nc6
9. a3 b6 10. cxd5 Nxd5 11. Nxd5 Qxd5 12. e4 Qd6 13. dxc5 bxc5 14. Qe2 Rb8
1/2-1/2

[Event "2BLO 1920 SF Bad Mergentheim - FC Bayer"]
[Site "?"]
[Date "2020.02.08"]
[Round "7.6"]
[White "Ivanov, Mikhail M"]
[Black "Singer, Christoph"]
[Result "1/2-1/2"]
[WhiteElo "2353"]
[BlackElo "2342"]
[PlyCount "39"]
[EventDate "2020.??.??"]

1. Nf3 d5 2. g3 Bg4 3. Bg2 Nd7 4. O-O e6 5. d3 Ngf6 6. Nbd2 Be7 7. h3 Bxf3 8.
Nxf3 O-O 9. c4 c6 10. b3 a5 11. a3 e5 12. cxd5 cxd5 13. Bb2 Bd6 14. Nd2 Qe7 15.
e4 dxe4 16. dxe4 Rfd8 17. Qe2 Nc5 18. Rfd1 Bc7 19. Qb5 Nd3 20. Bc3 1/2-1/2

[Event "2BLO 1920 SF Bad Mergentheim - FC Bayer"]
[Site "?"]
[Date "2020.02.08"]
[Round "7.7"]
[White "Unzicker, Ferdinand"]
[Black "Gasthofer, Viktor"]
[Result "1/2-1/2"]
[WhiteElo "2317"]
[BlackElo "2305"]
[PlyCount "119"]
[EventDate "2020.??.??"]

1. d4 e6 2. c4 d5 3. Nc3 Nf6 4. Bg5 Be7 5. e3 h6 6. Bh4 O-O 7. Nf3 b6 8. Qc2
Bb7 9. Bxf6 Bxf6 10. cxd5 exd5 11. g4 c5 12. O-O-O cxd4 13. exd4 g6 14. h4 Nc6
15. Qd2 Bg7 16. g5 h5 17. Kb1 Re8 18. Bg2 Qd6 19. Nb5 Qd7 20. Bh3 Qd8 21. Rhe1
Rxe1 22. Rxe1 a6 23. Na3 Qd6 24. Nc2 Rd8 25. Qe3 Bc8 26. Bxc8 Rxc8 27. Ne5 Bxe5
28. dxe5 Qe6 29. a3 b5 30. f4 b4 31. axb4 Qf5 32. e6 Nxb4 33. exf7+ Kxf7 34.
Qe7+ Kg8 35. Qxb4 Qxc2+ 36. Ka1 Qc4 37. Qe7 Qa4+ 38. Kb1 Qc2+ 39. Ka2 Qa4+ 40.
Qa3 Qxf4 41. Qxa6 Qc4+ 42. Qxc4 dxc4 43. Rf1 Rb8 44. Rf4 Rb4 45. Ka3 Rb3+ 46.
Ka2 Rb4 47. Kb1 Kg7 48. Kc2 Kg8 49. Rf6 Kg7 50. Ra6 Kf7 51. Ra2 c3 52. Kxc3
Rxh4 53. b4 Ke6 54. Ra6+ Kf5 55. Ra5+ Ke6 56. b5 Rh1 57. Kc2 Rh2+ 58. Kc3 Rh1
59. Kc2 Rh2+ 60. Kc3 1/2-1/2

[Event "2BLO 1920 SF Bad Mergentheim - FC Bayer"]
[Site "?"]
[Date "2020.02.08"]
[Round "7.8"]
[White "Reinhardt, Bernd"]
[Black "Lentrodt, Thomas"]
[Result "1/2-1/2"]
[WhiteElo "2194"]
[BlackElo "2236"]
[PlyCount "31"]
[EventDate "2020.??.??"]

1. d4 d5 2. Nf3 Nf6 3. e3 Bf5 4. c4 c6 5. Nc3 e6 6. Bd3 Bxd3 7. Qxd3 Nbd7 8.
O-O Bd6 9. Rd1 O-O 10. e4 dxe4 11. Nxe4 Nxe4 12. Qxe4 Nf6 13. Qe2 h6 14. b3 Qa5
15. Ne5 Rfd8 16. Bd2 1/2-1/2

[Event "2BLO 1920 SC NT Nürnberg - MSA Zugzwang"]
[Site "?"]
[Date "2020.02.08"]
[Round "7.1"]
[White "Mons, Leon"]
[Black "Maximov, Dmitry"]
[Result "1/2-1/2"]
[WhiteElo "2546"]
[BlackElo "2497"]
[PlyCount "92"]
[EventDate "2020.??.??"]

1. Nf3 c5 2. b3 b6 3. g3 Bb7 4. Bg2 Nf6 5. Bb2 e6 6. O-O Be7 7. c4 O-O 8. e3 d6
9. Nc3 Nbd7 10. d4 a6 11. Qe2 Qc7 12. Rfd1 Rfe8 13. Rac1 Rac8 14. Ne1 Bxg2 15.
Kxg2 cxd4 16. exd4 d5 17. cxd5 Qb7 18. Qf3 exd5 19. Nc2 Nf8 20. Ne3 Rcd8 21.
Nf5 Ne6 22. Nxe7+ Rxe7 23. Ba3 Ree8 24. h4 Ne4 25. Qd3 b5 26. Ne2 b4 27. Bb2 f5
28. f3 Nd6 29. Re1 f4 30. Nxf4 Nxf4+ 31. gxf4 Qf7 32. Re5 Qxf4 33. Rce1 Rxe5
34. Rxe5 Rf8 35. Qe3 Qxe3 36. Rxe3 Nf5 37. Re5 g6 38. Bc1 Rc8 39. Bf4 Rc2+ 40.
Kh3 Rf2 41. Rxd5 h5 42. Bg5 Rxa2 43. Rd8+ Kf7 44. d5 Rf2 45. Rd7+ Ke8 46. Rd8+
Kf7 1/2-1/2

[Event "2BLO 1920 SC NT Nürnberg - MSA Zugzwang"]
[Site "?"]
[Date "2020.02.08"]
[Round "7.2"]
[White "Milov, Leonid"]
[Black "Kindermann, Stefan"]
[Result "1/2-1/2"]
[WhiteElo "2453"]
[BlackElo "2471"]
[PlyCount "34"]
[EventDate "2020.??.??"]

1. d4 e6 2. g3 f5 3. Bg2 Nf6 4. Nf3 d5 5. c4 Bd6 6. O-O O-O 7. Nc3 c6 8. Rb1
Qe7 9. Qc2 Nbd7 10. a3 a5 11. Bf4 Bxf4 12. gxf4 dxc4 13. e3 b5 14. Nd2 Nd5 15.
a4 Ba6 16. axb5 Bxb5 17. Ra1 N7b6 1/2-1/2

[Event "2BLO 1920 SC NT Nürnberg - MSA Zugzwang"]
[Site "?"]
[Date "2020.02.08"]
[Round "7.3"]
[White "Zysk, Robert"]
[Black "Yelisieiev, Yevhenii"]
[Result "1/2-1/2"]
[WhiteElo "2390"]
[BlackElo "2402"]
[PlyCount "134"]
[EventDate "2020.??.??"]

1. Nf3 Nf6 2. d4 d5 3. c4 e6 4. Nc3 Bb4 5. e3 O-O 6. Bd2 b6 7. Rc1 Bb7 8. a3
Be7 9. cxd5 exd5 10. Bd3 Nbd7 11. O-O c5 12. Qe2 Ne4 13. Ba6 Bxa6 14. Qxa6 cxd4
15. exd4 Nxd2 16. Nxd2 Nf6 17. Rfe1 Bd6 18. Nf3 Re8 19. g3 Qd7 20. Kg2 h6 21.
Qd3 Rxe1 22. Rxe1 Re8 23. Rxe8+ Qxe8 24. Qe3 Kf8 25. Qxe8+ Kxe8 26. Ne5 a6 27.
Kf3 Ke7 28. Nd3 g5 29. h3 Ke6 30. g4 Bf8 31. Ke3 h5 32. Kf3 hxg4+ 33. hxg4 Bg7
34. Nb4 a5 35. Nc2 Nd7 36. Nb5 Nb8 37. Ne3 Nc6 38. Nf5 Bf6 39. Ke3 Bd8 40. Kd3
Ne7 41. Ng7+ Kd7 42. Nc3 Bc7 43. Nh5 Ke6 44. f3 Bh2 45. Na4 Bc7 46. Ng7+ Kd7
47. Nc3 Bh2 48. a4 Kc6 49. Nf5 Nxf5 50. gxf5 Bg1 51. b3 Kd6 52. Nb5+ Kd7 53.
Nc3 Kc6 54. Nb5 Bf2 55. Ke2 Bg3 56. Kf1 Bf4 57. Ke2 Kd7 58. Nc3 Kd6 59. Nb5+
Kc6 60. Kf2 Bd2 61. Kg3 Be3 62. Kg4 Kd7 63. f6 Ke6 64. Nc7+ Kd6 65. Nb5+ Ke6
66. Nc7+ Kd6 67. Nb5+ Ke6 1/2-1/2

[Event "2BLO 1920 SC NT Nürnberg - MSA Zugzwang"]
[Site "?"]
[Date "2020.02.08"]
[Round "7.4"]
[White "Mischustov, Michael"]
[Black "Bromberger, Stefan"]
[Result "1/2-1/2"]
[WhiteElo "2336"]
[BlackElo "2485"]
[PlyCount "121"]
[EventDate "2020.??.??"]

1. e4 c5 2. Nf3 Nc6 3. Bb5 e6 4. O-O Nge7 5. Re1 a6 6. Bf1 b5 7. a4 b4 8. d3 g6
9. Be3 Bg7 10. Qc1 d6 11. Bh6 O-O 12. Bxg7 Kxg7 13. e5 dxe5 14. Nxe5 Nxe5 15.
Rxe5 Qc7 16. Re1 a5 17. Nd2 Ba6 18. Ne4 Rfd8 19. Qg5 Nd5 20. Qg3 Qxg3 21. hxg3
Rac8 22. Nd2 Nb6 23. Nb3 c4 24. Nxa5 cxd3 25. cxd3 Bxd3 26. Nb7 Rd7 27. Bxd3
Rxd3 28. a5 Rd7 29. a6 Rd2 30. b3 Rcc2 31. Rf1 Ra2 32. Rxa2 Rxa2 33. Nc5 Ra5
34. Rc1 h5 35. Kh2 Nd5 36. Rc4 Nf6 37. f3 Nd5 38. Nd3 Ne3 39. Rxb4 Rxa6 40. Ra4
Rd6 41. Ne5 Rd2 42. Ra7 Rxg2+ 43. Kh3 Re2 44. f4 Re1 45. Kh4 Nf5+ 46. Kh3 g5
47. Rxf7+ Kg8 48. Rb7 g4+ 49. Nxg4 hxg4+ 50. Kxg4 Re3 51. Kg5 Nxg3 52. Kf6 Ne4+
53. Ke7 Nc3 54. Kd6 Ne2 55. b4 Nxf4 56. b5 Ng6 57. b6 Nf8 58. Re7 Rd3+ 59. Kc6
Rc3+ 60. Kd6 Rd3+ 61. Kc6 1/2-1/2

[Event "2BLO 1920 SC NT Nürnberg - MSA Zugzwang"]
[Site "?"]
[Date "2020.02.08"]
[Round "7.5"]
[White "Hoffmeyer, Falk"]
[Black "Promyshlyanskiy, Vitaliy"]
[Result "1-0"]
[WhiteElo "2327"]
[BlackElo "2265"]
[PlyCount "101"]
[EventDate "2020.??.??"]

1. d4 Nf6 2. Nf3 e6 3. Bf4 c5 4. e3 Be7 5. h3 cxd4 6. exd4 b6 7. Nbd2 Bb7 8.
Bd3 d6 9. O-O O-O 10. c3 Nbd7 11. Qe2 Re8 12. Bh2 Bf8 13. Rfd1 e5 14. dxe5 Nxe5
15. Nxe5 dxe5 16. Bb5 Re6 17. Bc4 Re7 18. Ne4 Qc8 19. Nd6 Qc6 20. Nxb7 Qxb7 21.
Bg3 Qc6 22. Bh4 Rc7 23. Bb3 Re8 24. Rd2 h6 25. Rad1 Bc5 26. Rd8 Rce7 27. Bc4
Rxd8 28. Rxd8+ Kh7 29. b4 g5 30. Bg3 b5 31. Bd3+ e4 32. Bxb5 Qb6 33. Rb8 Bxf2+
34. Qxf2 Qxf2+ 35. Bxf2 e3 36. Be1 Kg7 37. Kf1 Re6 38. Rd8 Ne4 39. Ke2 Nd6 40.
Bd3 f5 41. c4 h5 42. c5 Ne4 43. Rd7+ Kf6 44. Rxa7 g4 45. hxg4 hxg4 46. Ra6 Rxa6
47. Bxa6 f4 48. Bb7 f3+ 49. gxf3 g3 50. fxe4 g2 51. e5+ 1-0

[Event "2BLO 1920 SC NT Nürnberg - MSA Zugzwang"]
[Site "?"]
[Date "2020.02.08"]
[Round "7.6"]
[White "Kirchner, Thomas"]
[Black "Gerigk, Erasmus"]
[Result "1/2-1/2"]
[WhiteElo "2297"]
[BlackElo "2322"]
[PlyCount "150"]
[EventDate "2020.??.??"]

1. e4 c5 2. Nf3 Nc6 3. Bc4 e6 4. O-O Nf6 5. d3 d5 6. exd5 exd5 7. Bb5 Be7 8. c3
a6 9. Ba4 O-O 10. h3 Bf5 11. Re1 Qc7 12. d4 Rfe8 13. Be3 c4 14. Nbd2 Bd6 15.
Bc2 Bxc2 16. Qxc2 h6 17. Nh4 Re6 18. Re2 Rae8 19. Rae1 Qd8 20. Nf5 Bb8 21. Nf1
Ne7 22. Nh4 Nc8 23. Bc1 Rxe2 24. Rxe2 Rxe2 25. Qxe2 Qe7 26. Qxe7 Nxe7 27. g3
Nd7 28. Ng2 Nb6 29. Nfe3 Kf8 30. Nh4 h5 31. Kg2 Ke8 32. f4 Kd7 33. Kf3 g6 34.
g4 hxg4+ 35. hxg4 Ng8 36. Nf1 Nc8 37. f5 Nce7 38. Bf4 Ba7 39. Ne3 b5 40. a3 a5
41. fxg6 fxg6 42. Bg5 b4 43. axb4 axb4 44. Nhg2 b3 45. Nf4 Kd6 46. Nfxd5 Nxd5
47. Nxc4+ Ke6 48. Nd2 Nb6 49. Nxb3 Na4 50. Bc1 Kd5 51. Nd2 Nf6 52. Kf4 Nh7 53.
Ke3 Nf6 54. c4+ Ke6 55. g5 Ng4+ 56. Kf4 Nf2 57. d5+ Kd6 58. Ne4+ Nxe4 59. Kxe4
Nc5+ 60. Kf3 Nd3 61. Bf4+ Nxf4 62. Kxf4 Bd4 63. b4 Bc3 64. b5 Bd2+ 65. Ke4 Kc5
66. Ke5 Bxg5 67. d6 Bd8 68. Ke6 g5 69. Kf5 Kxd6 70. b6 Kc6 71. c5 Be7 72. Kg4
Bd8 73. Kf5 Kxc5 74. b7 Bc7 75. Kxg5 Kb6 1/2-1/2

[Event "2BLO 1920 SC NT Nürnberg - MSA Zugzwang"]
[Site "?"]
[Date "2020.02.08"]
[Round "7.7"]
[White "Lammers, Markus"]
[Black "Heimrath, Reiner"]
[Result "1-0"]
[WhiteElo "2296"]
[BlackElo "2241"]
[PlyCount "73"]
[EventDate "2020.??.??"]

1. Nf3 Nf6 2. c4 g6 3. d4 Bg7 4. Nc3 O-O 5. g3 d6 6. Bg2 Nc6 7. O-O a6 8. Qd3
Bg4 9. d5 Nb4 10. Qd1 a5 11. h3 Bd7 12. Be3 Na6 13. Rc1 Re8 14. Qd2 Qc8 15. Kh2
e5 16. dxe6 Bxe6 17. b3 Nc5 18. Nd4 Bd7 19. Rfd1 Nfe4 20. Nxe4 Nxe4 21. Qc2 f5
22. a3 Re7 23. Bxe4 fxe4 24. c5 d5 25. c6 bxc6 26. Nxc6 Re6 27. Na7 Qe8 28.
Rxd5 c6 29. Rxa5 Qf7 30. Rd1 Rf8 31. Qc4 Be5 32. Rxe5 Rxe5 33. Rxd7 Qxc4 34.
bxc4 Ra5 35. Nxc6 Ra4 36. Ne5 Re8 37. Ng4 1-0

[Event "2BLO 1920 SC NT Nürnberg - MSA Zugzwang"]
[Site "?"]
[Date "2020.02.08"]
[Round "7.8"]
[White "Homuth, Wolfgang"]
[Black "Eichler, Christoph"]
[Result "1/2-1/2"]
[WhiteElo "2162"]
[BlackElo "2295"]
[PlyCount "39"]
[EventDate "2020.??.??"]

1. d4 Nf6 2. Bf4 d5 3. e3 e6 4. c3 Bd6 5. Bg3 O-O 6. Nd2 c5 7. Ngf3 Qc7 8. Ne5
Nfd7 9. Bd3 Nxe5 10. dxe5 Bxe5 11. Bxh7+ Kxh7 12. Qh5+ Kg8 13. Bxe5 Qe7 14. Nf3
f6 15. Bxb8 Rxb8 16. Nh4 Qd6 17. Ng6 Rd8 18. Qh8+ Kf7 19. Qh5 Kg8 20. Qh8+
1/2-1/2

[Event "2BLO 1920 SK Passau - Münchener Schachc"]
[Site "?"]
[Date "2020.02.08"]
[Round "7.1"]
[White "Jones, Gawain C B"]
[Black "Diermair, Andreas"]
[Result "1/2-1/2"]
[WhiteElo "2681"]
[BlackElo "2483"]
[PlyCount "104"]
[EventDate "2020.??.??"]

1. e4 e5 2. Nf3 Nc6 3. Bb5 a6 4. Ba4 Nf6 5. O-O Be7 6. Re1 b5 7. Bb3 d6 8. c3
O-O 9. d4 Bg4 10. Be3 Bh5 11. a4 Na5 12. Nbd2 c5 13. dxe5 dxe5 14. Bc2 Qc7 15.
b3 Rfd8 16. h3 Nd7 17. axb5 axb5 18. Nf1 Nf8 19. Qe2 b4 20. g4 Bg6 21. cxb4
cxb4 22. Rec1 f6 23. Nh4 Bf7 24. Nf5 Bc5 25. Bd1 Nb7 26. Ra6 Ne6 27. Bxc5 Rxa6
28. Qxa6 Nbxc5 29. Qc6 Qxc6 30. Ne7+ Kf8 31. Nxc6 Nd3 32. Nxd8 Nxc1 33. Nxf7
Kxf7 34. h4 Nd4 35. Nd2 Na2 36. Kg2 Nc3 37. Bf3 h6 38. g5 hxg5 39. hxg5 fxg5
40. Bh5+ Kf6 41. Bg4 Na2 42. Kg3 Nc1 43. Bd1 Nd3 44. Nc4 Nc5 45. Nd2 Kg6 46.
Kg4 Nd7 47. Kh3 Nf6 48. Nc4 g4+ 49. Bxg4 Nxe4 50. Nxe5+ Kf6 51. Nf3 Nxb3 52.
Kg2 Nbc5 1/2-1/2

[Event "2BLO 1920 SK Passau - Münchener Schachc"]
[Site "?"]
[Date "2020.02.08"]
[Round "7.2"]
[White "Schmidt, Peter"]
[Black "Tabatabaei, M.amin"]
[Result "0-1"]
[WhiteElo "2397"]
[BlackElo "2638"]
[PlyCount "56"]
[EventDate "2020.??.??"]

1. Nf3 Nf6 2. g3 g6 3. b3 d5 4. Bb2 c5 5. c4 d4 6. b4 Bg7 7. Bg2 O-O 8. O-O Re8
9. d3 e5 10. bxc5 Nfd7 11. Nbd2 Nxc5 12. Ba3 Nba6 13. Ne1 Rb8 14. Ne4 Nxe4 15.
Bxe4 Bh3 16. Bg2 Bxg2 17. Kxg2 b5 18. cxb5 Nc7 19. Nf3 Nxb5 20. Bb4 Qd5 21. Qb3
Qa8 22. Rae1 a5 23. Bd2 a4 24. Qd1 a3 25. Kg1 Rec8 26. e4 dxe3 27. Rxe3 Qd5 28.
d4 e4 0-1

[Event "2BLO 1920 SK Passau - Münchener Schachc"]
[Site "?"]
[Date "2020.02.08"]
[Round "7.3"]
[White "Indjic, Aleksandar"]
[Black "Leisch, Lukas"]
[Result "1-0"]
[WhiteElo "2622"]
[BlackElo "2352"]
[PlyCount "129"]
[EventDate "2020.??.??"]

1. Nf3 d5 2. e3 Nf6 3. c4 e6 4. Nc3 Be7 5. b3 O-O 6. Bb2 b6 7. Be2 Bb7 8. O-O
c5 9. d4 Nbd7 10. Rc1 Rc8 11. cxd5 Nxd5 12. Nxd5 Bxd5 13. Ba6 Rc7 14. Qe2 Qa8
15. Rc2 Be4 16. Bd3 Rfc8 17. Rfc1 Bxd3 18. Qxd3 Nf6 19. dxc5 Rxc5 20. Rxc5 Rxc5
21. Rxc5 Bxc5 22. Kf1 Qd5 23. Ke2 Qxd3+ 24. Kxd3 Ng4 25. Ke2 f6 26. a3 Kf7 27.
h3 Nh6 28. Kd3 Nf5 29. g4 Ne7 30. Kc4 a6 31. a4 Bd6 32. Nd2 Nc6 33. Bc3 Be5 34.
f4 b5+ 35. Kd3 Bxc3 36. Kxc3 e5 37. f5 Ne7 38. axb5 axb5 39. Kb4 Nd5+ 40. Kxb5
Nxe3 41. Kc5 h5 42. b4 hxg4 43. hxg4 Ke7 44. Kc6 Nxg4 45. b5 e4 46. Nxe4 Kd8
47. b6 Kc8 48. Nc5 Ne5+ 49. Kb5 Kb8 50. Ka6 Nc6 51. b7 Nb4+ 52. Ka5 Nd5 53. Kb5
Ka7 54. Kc6 Nb4+ 55. Kc7 Nd5+ 56. Kc8 Nb6+ 57. Kd8 Nd5 58. Kc8 Nb6+ 59. Kc7
Nd5+ 60. Kd6 Nb4 61. Ke6 Nc6 62. Kd7 Nd4 63. Kc8 Nc6 64. Kc7 Nb8 65. Nd7 1-0

[Event "2BLO 1920 SK Passau - Münchener Schachc"]
[Site "?"]
[Date "2020.02.08"]
[Round "7.4"]
[White "Weiss, Christian"]
[Black "Smirnov, Anton"]
[Result "0-1"]
[WhiteElo "2369"]
[BlackElo "2592"]
[PlyCount "80"]
[EventDate "2020.??.??"]

1. d4 d5 2. Nf3 Nf6 3. c4 c6 4. Nc3 e6 5. e3 Nbd7 6. Be2 Bd6 7. O-O O-O 8. Qc2
dxc4 9. Bxc4 b5 10. Be2 Qe7 11. Nd2 a6 12. Bf3 Bb7 13. a4 Nd5 14. Nb3 Rac8 15.
Ne4 c5 16. Nxd6 Qxd6 17. Nxc5 Nxc5 18. dxc5 Rxc5 19. Qd1 Qc7 20. axb5 Rxb5 21.
Ra3 Nb6 22. Bxb7 Qxb7 23. Qa4 Ra8 24. f3 Nd7 25. Rd1 h6 26. Rad3 Nc5 27. Rd8+
Rxd8 28. Rxd8+ Kh7 29. Qc2+ f5 30. h4 Nb3 31. Rd3 Nxc1 32. Qxc1 Rxb2 33. Kh2
Qb4 34. f4 Qb7 35. Rd2 Rxd2 36. Qxd2 Qd5 37. Qc3 Qd8 38. g3 a5 39. Qc6 Qd2+ 40.
Kh3 Qxe3 0-1

[Event "2BLO 1920 SK Passau - Münchener Schachc"]
[Site "?"]
[Date "2020.02.08"]
[Round "7.5"]
[White "Martinovic, Sasa"]
[Black "Testor, Sebastian"]
[Result "1-0"]
[WhiteElo "2524"]
[BlackElo "2334"]
[PlyCount "73"]
[EventDate "2020.??.??"]

1. g3 d5 2. Nf3 c6 3. Bg2 Bg4 4. O-O Nd7 5. d3 Ngf6 6. h3 Bh5 7. Qe1 e5 8. e4
dxe4 9. dxe4 Bc5 10. a4 a5 11. Na3 O-O 12. Nc4 Qc7 13. Bd2 b6 14. Nh4 Rfe8 15.
Kh1 Nf8 16. f4 exf4 17. Bxf4 Qa7 18. Nf5 Rad8 19. Bg5 Re6 20. e5 N8d7 21. Qd2
Qb8 22. exf6 Nxf6 23. Qc3 Bb4 24. Qb3 Be2 25. Rf4 b5 26. axb5 cxb5 27. Nxa5
Bxa5 28. Bxf6 Bc4 29. Nh6+ gxh6 30. Rg4+ Kf8 31. Qa3+ Rdd6 32. Bg7+ Ke7 33.
Qxa5 Qc8 34. Bc3 Bd5 35. Qa7+ Kf8 36. Bxd5 Rxd5 37. Bb4+ 1-0

[Event "2BLO 1920 SK Passau - Münchener Schachc"]
[Site "?"]
[Date "2020.02.08"]
[Round "7.6"]
[White "Hellmayr, Alois"]
[Black "Schnider, Gert"]
[Result "1/2-1/2"]
[WhiteElo "2209"]
[BlackElo "2429"]
[PlyCount "88"]
[EventDate "2020.??.??"]

1. Nf3 Nf6 2. g3 d5 3. Bg2 c6 4. O-O Bg4 5. h3 Bh5 6. d3 e6 7. Qe1 Nbd7 8. e4
dxe4 9. dxe4 e5 10. Nbd2 Qc7 11. a4 a5 12. Nc4 Bc5 13. Bd2 b6 14. Nh4 O-O 15.
Kh1 Ne8 16. f4 f6 17. f5 Nd6 18. Ne3 Bf7 19. g4 Bd4 20. c3 Bxe3 21. Bxe3 Nc4
22. Rf2 Rad8 23. g5 Nxe3 24. Qxe3 fxg5 25. Qxg5 Nf6 26. Rg1 Bh5 27. Qe3 Rd7 28.
Bf1 Kh8 29. Rfg2 Rfd8 30. Bc4 Rd1 31. Rxd1 Rxd1+ 32. Kh2 Rd6 33. Qg5 Be8 34.
Ng6+ Bxg6 35. fxg6 Nxe4 36. Qxe5 Rd7 37. Qxc7 Rxc7 38. gxh7 Nf6 39. Bg8 Nxg8
40. hxg8=Q+ Kxg8 41. Rg6 Kf7 42. Rd6 Ke7 43. Rg6 Kf7 44. Rd6 Re7 1/2-1/2

[Event "2BLO 1920 SK Passau - Münchener Schachc"]
[Site "?"]
[Date "2020.02.08"]
[Round "7.7"]
[White "Berchtenbreiter, Maximilian"]
[Black "Hiermann, Dietmar"]
[Result "1-0"]
[WhiteElo "2486"]
[BlackElo "2240"]
[PlyCount "61"]
[EventDate "2020.??.??"]

1. e4 e5 2. Nf3 Nc6 3. Bb5 a6 4. Ba4 Nf6 5. O-O b5 6. Bb3 Be7 7. a4 Rb8 8. Re1
d6 9. c3 O-O 10. h3 Na5 11. Bc2 c5 12. d4 Nc6 13. axb5 axb5 14. d5 Na5 15. b4
cxb4 16. cxb4 Nc4 17. Nfd2 Bd7 18. Bd3 Qc7 19. Na3 Nxd2 20. Bxd2 Qb7 21. Be3
Ra8 22. Qe2 Rfb8 23. Nxb5 Nxe4 24. Rac1 Bxb5 25. Bxb5 Qxb5 26. Rc8+ Bf8 27.
Qxb5 Rxc8 28. Qd3 Nf6 29. b5 Rcb8 30. b6 Rb7 31. Qb5 1-0

[Event "2BLO 1920 SK Passau - Münchener Schachc"]
[Site "?"]
[Date "2020.02.08"]
[Round "7.8"]
[White "Linhart, Wolfgang"]
[Black "Ciolek, Andreas"]
[Result "1/2-1/2"]
[WhiteElo "2147"]
[BlackElo "2232"]
[PlyCount "98"]
[EventDate "2020.??.??"]

1. d4 Nf6 2. Nf3 g6 3. c4 Bg7 4. Nc3 O-O 5. Bg5 d6 6. e3 c5 7. Be2 Nc6 8. O-O
Bd7 9. d5 Nb4 10. a3 Na6 11. h3 Qa5 12. Bd3 Nc7 13. Qe2 b5 14. e4 bxc4 15. Bxc4
e5 16. Rac1 h6 17. Bd2 Qb6 18. b3 Nh5 19. Be3 a5 20. Kh2 Nf4 21. Qd2 g5 22. Ng1
Ne8 23. g3 Qd8 24. Qc2 Ng6 25. Bb5 Ne7 26. Nge2 f5 27. Bxd7 Qxd7 28. exf5 Nxf5
29. Ne4 Rb8 30. Rb1 Nxe3 31. fxe3 Rxf1 32. Rxf1 Qb7 33. N2c3 Qxb3 34. Qg2 Qxa3
35. Qf3 Qb2+ 36. Rf2 Qb7 37. h4 gxh4 38. gxh4 Qe7 39. Kh3 a4 40. Nxa4 Qd7+ 41.
Qg4 Qxg4+ 42. Kxg4 Rb4 43. Nac3 Nf6+ 44. Kf5 Nxe4 45. Nxe4 Bf8 46. Ra2 Rb7 47.
Kf6 Rf7+ 48. Ke6 Re7+ 49. Kf6 Rf7+ 1/2-1/2

[Event "2BLO 1920 SV Deggendorf - SC Garching"]
[Site "?"]
[Date "2020.02.08"]
[Round "7.1"]
[White "Stocek, Jiri"]
[Black "Sedlak, Nikola"]
[Result "1/2-1/2"]
[WhiteElo "2588"]
[BlackElo "2553"]
[PlyCount "106"]
[EventDate "2020.??.??"]

1. d4 e6 2. c4 f5 3. Nc3 Nf6 4. a3 d5 5. Bg5 Be7 6. e3 c6 7. Bd3 O-O 8. Rc1 a5
9. Qb3 Kh8 10. Nf3 h6 11. h4 Kg8 12. Bxf6 Bxf6 13. h5 Be7 14. Qc2 dxc4 15. Bxc4
b5 16. Ba2 b4 17. axb4 axb4 18. Na4 Bd6 19. Bc4 Na6 20. Qb3 Nc7 21. Nb6 Rb8 22.
Nxc8 Qxc8 23. Nh4 Qd7 24. Ng6 Rfc8 25. Qd3 Nd5 26. e4 fxe4 27. Qxe4 Qf7 28. O-O
Qf5 29. Qxf5 exf5 30. Bb3 Rb5 31. Rc2 Kf7 32. Rfc1 Ra5 33. g3 Ke6 34. Re2+ Kd7
35. Ne5+ Bxe5 36. Rxe5 f4 37. gxf4 Rca8 38. Bxd5 Rxd5 39. Rc4 Rf8 40. Rxb4 Rxf4
41. Rb7+ Kd6 42. Ree7 Rfxd4 43. Rxg7 Rxh5 44. Rg6+ Kc5 45. b4+ Rxb4 46. Rxb4
Kxb4 47. Rxc6 Kb5 48. Rc8 Rc5 49. Rh8 h5 50. Kg2 Kc6 51. Kg3 Kd6 52. Kh4 Rf5
53. Rxh5 Rxf2 1/2-1/2

[Event "2BLO 1920 SV Deggendorf - SC Garching"]
[Site "?"]
[Date "2020.02.08"]
[Round "7.2"]
[White "Delchev, Aleksander"]
[Black "Hess, Max"]
[Result "1-0"]
[WhiteElo "2544"]
[BlackElo "2394"]
[PlyCount "51"]
[EventDate "2020.??.??"]

1. d4 Nf6 2. c4 g6 3. Nc3 Bg7 4. e4 d6 5. Nf3 O-O 6. h3 e5 7. d5 Nh5 8. g3 Na6
9. Be3 f5 10. exf5 gxf5 11. Ng5 Nf6 12. Qd2 Qe8 13. O-O-O h6 14. Nf3 Nc5 15.
Nh4 a6 16. f3 h5 17. g4 hxg4 18. hxg4 fxg4 19. Bxc5 dxc5 20. Bd3 e4 21. Nxe4
Nxe4 22. Bxe4 Rf6 23. Qg5 Qf7 24. Ng6 Rxf3 25. Qd8+ Bf8 26. Rh8+ 1-0

[Event "2BLO 1920 SV Deggendorf - SC Garching"]
[Site "?"]
[Date "2020.02.08"]
[Round "7.3"]
[White "Renner, Christoph"]
[Black "Bogosavljevic, Boban"]
[Result "1-0"]
[WhiteElo "2310"]
[BlackElo "2504"]
[PlyCount "61"]
[EventDate "2020.??.??"]

1. d4 Nf6 2. Nf3 g6 3. Bf4 Bg7 4. e3 d6 5. c3 O-O 6. Bc4 b6 7. O-O Bb7 8. Nbd2
Nbd7 9. h3 Qe8 10. a4 a6 11. Bh2 e5 12. b4 Qe7 13. Qb3 h6 14. Rfd1 Kh7 15. Bf1
e4 16. Ne1 Nh5 17. c4 f5 18. c5 f4 19. Rac1 fxe3 20. Qxe3 Ndf6 21. cxd6 cxd6
22. g4 Nd5 23. Qxe4 Qf7 24. gxh5 Qxf2+ 25. Kh1 Rae8 26. Qg2 Ne3 27. Qxb7 Nxd1
28. Rc7 Qxd4 29. Nef3 Qa1 30. Be5 Nf2+ 31. Kg2 1-0

[Event "2BLO 1920 SV Deggendorf - SC Garching"]
[Site "?"]
[Date "2020.02.08"]
[Round "7.4"]
[White "Stojanovic, Dalibor"]
[Black "Koepke, Christian"]
[Result "1-0"]
[WhiteElo "2502"]
[BlackElo "2345"]
[PlyCount "113"]
[EventDate "2020.??.??"]

1. e4 c6 2. d4 d5 3. e5 Bf5 4. c4 e6 5. Nc3 Ne7 6. a3 dxc4 7. Bxc4 Nd7 8. Nge2
Nb6 9. Ba2 Qd7 10. Ng3 Bg6 11. h4 h6 12. h5 Bh7 13. Be3 Ned5 14. Nce4 O-O-O 15.
Qf3 Kb8 16. O-O Be7 17. Nc5 Qe8 18. b4 Nd7 19. Bb1 Nxc5 20. bxc5 Bxb1 21. Raxb1
f5 22. exf6 gxf6 23. Rb3 Ka8 24. Ne2 e5 25. Rfb1 Rb8 26. Ng3 exd4 27. Bxd4 Qf8
28. Ne4 Rg8 29. Nc3 Rg5 30. Ne4 Rg8 31. Qf5 Qc8 32. Qxc8 Rgxc8 33. Rf3 Rf8 34.
Ng3 Bd8 35. Nf5 Bc7 36. Re1 Rbe8 37. Rxe8+ Rxe8 38. g3 b5 39. Nxh6 Rh8 40. Ng4
Rxh5 41. Nxf6 Nxf6 42. Rxf6 Kb7 43. Rf7 Kc8 44. Kg2 Rd5 45. Bf6 Rxc5 46. g4 Rc4
47. g5 Rg4+ 48. Kf3 Rf4+ 49. Ke3 Rg4 50. f3 Bb6+ 51. Ke2 Rg2+ 52. Kd3 Bc7 53.
Ke4 a5 54. Kf5 b4 55. axb4 axb4 56. g6 b3 57. g7 1-0

[Event "2BLO 1920 SV Deggendorf - SC Garching"]
[Site "?"]
[Date "2020.02.08"]
[Round "7.5"]
[White "Koepke, Elena"]
[Black "Popovic, Dusan"]
[Result "0-1"]
[WhiteElo "2280"]
[BlackElo "2492"]
[PlyCount "110"]
[EventDate "2020.??.??"]

1. e4 g6 2. d4 Bg7 3. Nc3 c6 4. Bc4 d6 5. Nf3 b5 6. Bb3 a5 7. a4 b4 8. Ne2 Nf6
9. Ng3 Ba6 10. h4 h5 11. c3 e6 12. Bg5 Qc7 13. Rc1 bxc3 14. bxc3 Nbd7 15. Bc2
Nb6 16. Bd3 Bxd3 17. Qxd3 Ng4 18. Ra1 O-O 19. O-O e5 20. dxe5 dxe5 21. c4 Nd7
22. Rfd1 Qa7 23. Be3 Nxe3 24. fxe3 Nc5 25. Qc3 Rab8 26. Rab1 Nxa4 27. Qa3 Nc5
28. Kh2 a4 29. Ng5 Bf6 30. Nf3 Qe7 31. Qc3 Rb3 32. Rxb3 axb3 33. Rb1 Rb8 34.
Kg1 Na4 35. Qa5 Qb4 36. Qc7 Nc3 37. Rb2 Nd1 38. Rb1 Nxe3 39. Qxc6 Kg7 40. Qc7
Nxc4 41. Kh2 b2 42. Ng5 Bxg5 43. hxg5 Nd2 44. Qxe5+ Kg8 45. Nxh5 gxh5 46. g6
Nxb1 47. gxf7+ Kxf7 48. Qf5+ Ke7 49. Qe5+ Kd7 50. Qf5+ Kc7 51. Qf7+ Kb6 52.
Qe6+ Ka5 53. Qd5+ Ka4 54. Qd7+ Kb3 55. Qe7 Kc2 0-1